Fr. Conceicao Rodrigues College of Engineering

High speed combustion engine (Record no. 28836)

MARC details
000 -LEADER
fixed length control field 00307nam a2200133Ia 4500
082 ## - DEWEY DECIMAL CLASSIFICATION NUMBER
Classification number 621.43
100 ## - MAIN ENTRY--PERSONAL NAME
Personal name Heldt/ P.M./ Arora/ B.D.
245 ## - TITLE STATEMENT
Title High speed combustion engine
260 ## - PUBLICATION, DISTRIBUTION, ETC.
Name of publisher, distributor, etc. Oxford & IBH
Place of publication, distribution, etc. Calcutta
Date of publication, distribution, etc. 1965
300 ## - PHYSICAL DESCRIPTION
Extent 805
546 ## - LANGUAGE NOTE
Language note ENGLISH
654 ## - SUBJECT ADDED ENTRY--FACETED TOPICAL TERMS
Focus term combustion engine
942 ## - ADDED ENTRY ELEMENTS (KOHA)
Koha item type BOOK
Holdings
Withdrawn status Lost status Damaged status Not for loan Collection Home library Current library Date acquired Source of acquisition Cost, normal purchase price Inventory number Total Checkouts Full call number Barcode Date last seen Cost, replacement price Price effective from Koha item type
        AFT Fr. Agnel's C.Rodrigues College of Engineering Fr. Agnel's C.Rodrigues College of Engineering 17/03/2023 UBS 29.00 T-905   621.43 AFT3153 17/03/2023 29.00 17/03/2023 BOOK